000 00857nam a22003017a 4500
001 8586
003 FISKH
005 20251002101642.0
008 251002b cb ||||| |||| 00| 0 eng d
020 _a708431212053
040 _aFISKH
_beng
_cFISKH
_dFISKH
050 _aPZ7
082 _a372.4
100 _aAnonymous
245 _aPet Pals sticker story time
250 _aThis edition is published in 2012.
260 _aEmeryville :
_bLeapFrog Enterprises,
_c1999
300 _a28 pages :
_bcolor illustrations ;
_c24 cm
500 _aE
505 _aE
520 _aGet creative and design doggy tales with interactive stickers and story pages.
521 8 _a200
_bLexile estimate
521 8 _aE
_bRaz-Plus
650 _aSticker
_vChildren
650 _aArt activity
_vPuppy cut outs
942 _2ddc
_cBK
_n0
999 _c8586
_d8586